000 00509nam a22001697a 4500
008 160623b xxu||||| |||| 00| 0 eng d
020 _a13: 978-981-4253-04-8
020 _a10: 981-4253-04-9
082 _22009
_aDC 001.424
_bF11p
100 _910376
_aFarrel, Joyce.
245 _aProgramming logic formulation/
_cJoyce Farrel.
250 _aSixth edition.
260 _aAustralia:
_bCengage Learning,
_cc2009.
300 _axvii, 450 pages;
_c22 cm.
650 0 _910377
_aProgramming logic.
942 _2ddc
_cDC
999 _c3111
_d3111